000 00758nam a2200253 i 4500
001 C2-0222883
003 PPAK
005 20180728151909.0
008 000125s1997 nyu |||| ||||| | eng d
020 _a0028646134
040 _aPPAK
_beng
_cPPAK
_erda
082 0 4 _a782.42165092
_223
090 0 0 _a782.42165092
_bBIL
_dR
245 0 4 _aThe Billie Holiday companion :
_bseven decades of commentary
264 1 _aNew York :
_bSchirmer Books ,
_c1997
300 _axxii, 210 pages ;
_c24 cm
336 _2rdacontent
_atext
337 _2rdamedia
_aunmediated
338 _2rdacarrier
_avolume
500 _aIncludes index
650 1 0 _aHoliday, Billie, 1915-1959 - Criticism and interpretation
700 1 _aGourse, Leslie,
_eeditor
942 _ddc
_cB
999 _c144104
_d144104